Noticias de la provincia de Californias, 1794 / (Record no. 189702)
[ view plain ]
| 000 -LEADER | |
|---|---|
| campo de control de longitud fija | 01056nam a2200241 i 4500 |
| 001 - NÚMERO DE CONTROL | |
| campo de control | 189702 |
| 003 - IDENTIFICADOR DE NÚMERO DE CONTROL | |
| campo de control | ES-MaACL |
| 005 - FECHA Y HORA DE LA ÚLTIMA TRANSACCIÓN | |
| campo de control | 20250810063055.0 |
| 008 - DATOS DE LONGITUD FIJA--INFORMACIÓN GENERAL | |
| campo de control de longitud fija | 190909s1960 sp |||| | spa d |
| 080 ## - NÚMERO DE LA CLASIFICACIÓN DECIMAL UNIVERSAL | |
| Número de la Clasificación Decimal Universal | 266:282(794) |
| 100 1# - ENTRADA PRINCIPAL--NOMBRE DE PERSONA | |
| Nombre de persona | Sales, Luis de, |
| Fechas asociadas al nombre | 1745-1807 |
| 9 (RLIN) | 168241 |
| 245 10 - MENCIÓN DEL TÍTULO | |
| Título | Noticias de la provincia de Californias, 1794 / |
| Mención de responsabilidad, etc. | por Fray Luis Sales. |
| 260 ## - PUBLICACIÓN, DISTRIBUCIÓN, ETC. | |
| Lugar de publicación, distribución, etc. | Madrid : |
| Nombre del editor, distribuidor, etc. | José Porrúa Turanzas, |
| Fecha de publicación, distribución, etc. | 1960. |
| 300 ## - DESCRIPCIÓN FÍSICA | |
| Extensión | 182 p., 1 lám. pleg., 2 h. pleg. ; |
| Dimensiones | 25 cm. |
| 490 1# - MENCIÓN DE SERIE | |
| Mención de serie | Colección Chimalistac de libros y documentos acerca de la Nueva España ; |
| Designación de volumen o secuencia | 6 |
| 610 24 - PUNTO DE ACCESO ADICIONAL DE MATERIA--NOMBRE DE ENTIDAD CORPORATIVA | |
| Nombre de entidad corporativa o nombre de jurisdicción como elemento de entrada | Dominicos- |
| Subdivisión general | Misiones- |
| Subdivisión geográfica | Baja California (México, Península) |
| 9 (RLIN) | 168242 |
| 610 24 - PUNTO DE ACCESO ADICIONAL DE MATERIA--NOMBRE DE ENTIDAD CORPORATIVA | |
| Nombre de entidad corporativa o nombre de jurisdicción como elemento de entrada | Dominicos- |
| Subdivisión general | Misiones- |
| Subdivisión geográfica | California (Estados Unidos, Estado) |
| 9 (RLIN) | 174578 |
| 651 #4 - PUNTO DE ACCESO ADICIONAL DE MATERIA--NOMBRE GEOGRÁFICO | |
| Nombre geográfico | Baja California (Península)- |
| Subdivisión general | Historia. |
| 9 (RLIN) | 153813 |
| 651 #4 - PUNTO DE ACCESO ADICIONAL DE MATERIA--NOMBRE GEOGRÁFICO | |
| Nombre geográfico | California (Estados Unidos, Estado)- |
| Subdivisión general | Historia- |
| Subdivisión cronológica | Hasta 1846. |
| 9 (RLIN) | 174579 |
| 830 1# - PUNTO DE ACCESO ADICIONAL DE SERIE-TÍTULO UNIFORME | |
| Título uniforme | Colección Chimalistac de libros y documentos acerca de la Nueva España ; |
| Designación de volumen o secuencia | 6 |
| 9 (RLIN) | 182539 |
| 852 4# - LOCALIZACIÓN | |
| Ubicación | ES-MaACL |
| Número de control de estantería | P-798-4 |
| Estatus retirado | Estado de pérdida | Estado de daño | No para préstamo | Biblioteca de origen | Biblioteca actual | Ubicación en estantería | Fecha de adquisición | Fuente de adquisición | Total de préstamos | Signatura topográfica completa | Código de barras | Visto por última vez | Precio de reemplazo | Tipo de ítem Koha |
|---|---|---|---|---|---|---|---|---|---|---|---|---|---|---|
| Biblioteca del Ateneo de Madrid | Biblioteca del Ateneo de Madrid | Depósito 2 | 09/09/2019 | P-798-4 | 1201094 | 23/02/2023 | 23/02/2023 | Libro impreso |
